Le viol (notice n° 2225390)

détails MARC
000 -LEADER
fixed length control field 00799cam a2200217 4500500
005 - DATE AND TIME OF LATEST TRANSACTION
control field 20260426020052.0
041 ## - LANGUAGE CODE
Language code of text/sound track or separate title fre
042 ## - AUTHENTICATION CODE
Authentication code dc
100 10 - MAIN ENTRY--PERSONAL NAME
Personal name de Margerie, Diane
Relator term author
245 00 - TITLE STATEMENT
Title Le viol
260 ## - PUBLICATION, DISTRIBUTION, ETC.
Date of publication, distribution, etc. 2005.<br/>
500 ## - GENERAL NOTE
General note 51
520 ## - SUMMARY, ETC.
Summary, etc. Victime d’un viol, une jeune fille espère trouver un réconfort auprès de sa famille et tombe dans un cauchemar.
520 ## - SUMMARY, ETC.
Summary, etc. The rape As a rape victim, a young girl hopes to find comfort within her family and falls into a nightmare.
690 ## - LOCAL SUBJECT ADDED ENTRY--TOPICAL TERM (OCLC, RLIN)
Topical term or geographic name as entry element Vengeance
690 ## - LOCAL SUBJECT ADDED ENTRY--TOPICAL TERM (OCLC, RLIN)
Topical term or geographic name as entry element Viol
690 ## - LOCAL SUBJECT ADDED ENTRY--TOPICAL TERM (OCLC, RLIN)
Topical term or geographic name as entry element Rape
690 ## - LOCAL SUBJECT ADDED ENTRY--TOPICAL TERM (OCLC, RLIN)
Topical term or geographic name as entry element Vengeance
786 0# - DATA SOURCE ENTRY
Note Imaginaire & Inconscient | 15 | 1 | 2005-03-01 | p. 43-45 | 1628-9676
856 41 - ELECTRONIC LOCATION AND ACCESS
Uniform Resource Identifier <a href="https://shs.cairn.info/revue-imaginaire-et-inconscient-2005-1-page-43?lang=fr&redirect-ssocas=7080">https://shs.cairn.info/revue-imaginaire-et-inconscient-2005-1-page-43?lang=fr&redirect-ssocas=7080</a>

Pas d'exemplaire disponible.

PLUDOC

PLUDOC est la plateforme unique et centralisée de gestion des bibliothèques physiques et numériques de Guinée administré par le CEDUST. Elle est la plus grande base de données de ressources documentaires pour les Étudiants, Enseignants chercheurs et Chercheurs de Guinée.

Adresse

627 919 101/664 919 101

25 boulevard du commerce
Kaloum, Conakry, Guinée

Réseaux sociaux

Powered by Netsen Group @ 2025